000
00422nam a2200133Ia 4500
008
100328s9999 xx 000 0 und d
082
_b
37337
100
_a
राजे नयना
245
_a
मी जिंकले मी हरले
260
_b
नवचैतन्य
630
_a
मी जिंकले मी हरले
730
_a
मी जिंकले मी हरले
942
_c
BOOK
999
_c
526783
_d
526780